Kolonisti (Record no. 20639)
[ view plain ]
| 000 -LEADER | |
|---|---|
| fixed length control field | 00826nam a22002771i 4500 |
| 001 - CONTROL NUMBER | |
| control field | 20639 |
| 003 - CONTROL NUMBER IDENTIFIER | |
| control field | VRT |
| 005 - DATE AND TIME OF LATEST TRANSACTION | |
| control field | 20260128135311.0 |
| 008 - FIXED-LENGTH DATA ELEMENTS--GENERAL INFORMATION | |
| fixed length control field | 240126s1985 xo r 000 slo d |
| 020 ## - INTERNATIONAL STANDARD BOOK NUMBER | |
| Terms of availability | 27.- Kčs |
| 035 ## - SYSTEM CONTROL NUMBER | |
| System control number | (SVKBBclas03)vtls000049570 |
| 039 #9 - LEVEL OF BIBLIOGRAPHIC CONTROL AND CODING DETAIL [OBSOLETE] | |
| Level of rules in bibliographic description | 202401261552 |
| Level of effort used to assign nonsubject heading access points | VLOAD |
| Level of effort used to assign subject headings | 202212071603 |
| Level of effort used to assign classification | vsvkbb02 |
| Level of effort used to assign subject headings | 201909031427 |
| Level of effort used to assign classification | AUTHORITY |
| Level of effort used to assign subject headings | 201909031130 |
| Level of effort used to assign classification | csnk20 |
| 040 ## - CATALOGING SOURCE | |
| Original cataloging agency | SVKBB |
| Language of cataloging | slo |
| Transcribing agency | SVKBB |
| Description conventions | AACR2 |
| 041 0# - LANGUAGE CODE | |
| Language code of text/sound track or separate title | slo |
| 044 ## - COUNTRY OF PUBLISHING/PRODUCING ENTITY CODE | |
| MARC country code | xo |
| ISO country code | SK |
| 080 ## - UNIVERSAL DECIMAL CLASSIFICATION NUMBER | |
| Universal Decimal Classification number | 885.4-3 |
| 100 1# - MAIN ENTRY--PERSONAL NAME | |
| Personal name | Habaj, Ivan, |
| Dates associated with a name | 1943- |
| 245 00 - TITLE STATEMENT | |
| Title | Kolonisti |
| Statement of responsibility, etc. | Ivan Habaj |
| 250 ## - EDITION STATEMENT | |
| Edition statement | 2. vyd. |
| 260 ## - PUBLICATION, DISTRIBUTION, ETC. | |
| Place of publication, distribution, etc. | Bratislava |
| Name of publisher, distributor, etc. | Slovenský spisovateľ |
| Date of publication, distribution, etc. | 1985 |
| 300 ## - PHYSICAL DESCRIPTION | |
| Extent | 577 s. |
| Dimensions | 20 cm |
| 440 #0 - SERIES STATEMENT/ADDED ENTRY--TITLE | |
| Title | (Spolok priateľov krásnych kníh |
| Volume/sequential designation | zv. 440) |
| 650 07 - SUBJECT ADDED ENTRY--TOPICAL TERM | |
| Topical term or geographic name entry element | slovenské romány |
| 942 ## - ADDED ENTRY ELEMENTS (KOHA) | |
| Source of classification or shelving scheme | Dewey Decimal Classification |
| Koha item type | Krásna literatúra pre dospelých |
| Suppress in OPAC | No |
| 949 ## - LOCAL PROCESSING INFORMATION (OCLC) | |
| 6 | 270001000065255 |
| a | svkbbA 45628 |
| b | svkbbb 459257 |
| Stav vyradenia | Strata | Poškodenie | Spôsob nadobudnutia | Domovská knižnica | Aktuálna knižnica | Dátum nadobudnutia | Total checkouts | Čiarový kód exemplára | Date last seen | Typ exemplára |
|---|---|---|---|---|---|---|---|---|---|---|
| Dar | Obecná knižnica Horná Štubňa | Obecná knižnica Horná Štubňa | 28.01.2026 | 4736200772 | 28.01.2026 | Krásna literatúra pre dospelých |
